[Event "XVI Abierto de la Constitucion"]
[Site "San Sebastian de los Reyes"]
[Date "2014.12.05"]
[Round "6.11"]
[White "Yeves Miquel, Enrique"]
[Black "Anton Quevedo, Andrea"]
[Result "0-1"]
[WhiteElo "1732"]
[BlackElo "1531"]
[PlyCount "80"]
[EventDate "2014.11.30"]

1. d4 Nf6 2. c4 g6 3. Nc3 d5 4. Bf4 e6 5. e3 Bg7 6. h3 O-O 7. Nf3 Nbd7 8. b3
Nb6 9. c5 Nbd7 10. Nb5 Ne8 11. Rc1 c6 12. Nc3 Nef6 13. Qc2 Re8 14. b4 Nh5 15.
Bh2 e5 16. dxe5 Nxe5 17. Nxe5 Bxe5 18. Bxe5 Rxe5 19. Be2 Qg5 20. Kf1 Qf6 21.
Bxh5 Rxh5 22. Ne2 Rh4 23. Qd2 Bf5 24. Nd4 Re8 25. Re1 Bg4 26. f3 Bd7 27. Kf2
Rhe4 28. g4 Qh4+ 29. Kg2 R4e5 30. Qf2 Qh6 31. f4 Re4 32. Qf3 Qg7 33. Kf2 Qf6
34. Rhg1 Qe7 35. a3 a5 36. f5 axb4 37. axb4 Ra8 38. fxg6 fxg6 39. Kg3 Qe5+ 40.
Kf2 Rf8 0-1

[Event "XVI Abierto de la Constitucion"]
[Site "San Sebastian de los Reyes"]
[Date "2014.12.05"]
[Round "6.12"]
[White "Garcia Lopez, Fernando"]
[Black "Benito Mellado, Humberto"]
[Result "1-0"]
[WhiteElo "1643"]
[BlackElo "1500"]
[PlyCount "95"]
[EventDate "2014.11.30"]

1. e4 c5 2. Nf3 d6 3. d4 cxd4 4. Nxd4 Nf6 5. Nc3 a6 6. Bg5 e5 7. Nb3 Be7 8. Qd2
O-O 9. O-O-O b5 10. Bxf6 gxf6 11. Nd5 Bb7 12. Nxe7+ Qxe7 13. Qxd6 Qxd6 14. Rxd6
Kg7 15. f3 Nc6 16. Nc5 Nd8 17. Nd7 Re8 18. Nxf6 Re6 19. Rxe6 Nxe6 20. Nd7 Rd8
21. Nxe5 Rc8 22. Bd3 h5 23. Kb1 Rc5 24. Nd7 Rc7 25. Nb6 Nf4 26. Rg1 Rc6 27. Nd5
Nxd5 28. exd5 Rd6 29. Be4 Bxd5 30. Bxd5 Rxd5 31. Kc1 f5 32. Rd1 Re5 33. Rd7+
Kf6 34. b4 Re6 35. Kd2 Kg5 36. g3 Kg6 37. h4 Kf6 38. f4 Kg6 39. Rd8 Kf6 40.
Rf8+ Kg6 41. Rg8+ Kh6 42. Rg5 Rd6+ 43. Kc3 Rc6+ 44. Kb3 Rf6 45. c3 Rf8 46. a4
Rf6 47. axb5 axb5 48. c4 1-0

[Event "XVI Abierto de la Constitucion"]
[Site "San Sebastian de los Reyes"]
[Date "2014.12.05"]
[Round "6.13"]
[White "Hidalgo Prado, David"]
[Black "Vazquez Cabeza, Isaac"]
[Result "1/2-1/2"]
[WhiteElo "1449"]
[BlackElo "1611"]
[PlyCount "60"]
[EventDate "2014.11.30"]

1. e4 e6 2. d4 d5 3. e5 c5 4. c3 Nc6 5. Nf3 cxd4 6. cxd4 Bb4+ 7. Nc3 Nge7 8. a3
Ba5 9. b4 Bb6 10. Na4 O-O 11. Nxb6 Qxb6 12. Be2 Bd7 13. O-O a6 14. Bb2 Ng6 15.
Qd2 Nce7 16. Rac1 Rfc8 17. Rxc8+ Rxc8 18. Rc1 Rxc1+ 19. Qxc1 Qc6 20. Qxc6 Bxc6
21. g3 Nc8 22. Nd2 Nge7 23. f4 Na7 24. Bd3 g6 25. Kf2 Bb5 26. Ke2 Bxd3+ 27.
Kxd3 b5 28. Nb3 Nec6 29. Bc3 Nb8 30. Nc5 Nac6 1/2-1/2

[Event "XVI Abierto de la Constitucion"]
[Site "San Sebastian de los Reyes"]
[Date "2014.12.05"]
[Round "6.14"]
[White "Marcos Herrero, Francisco"]
[Black "Perez Cameselle, Francisco"]
[Result "0-1"]
[WhiteElo "1916"]
[BlackElo "1852"]
[PlyCount "106"]
[EventDate "2014.11.30"]

1. b4 Nf6 2. c4 g6 3. Bb2 Bg7 4. Nf3 O-O 5. g3 a5 6. b5 c6 7. Bg2 d5 8. cxd5
cxb5 9. O-O Nxd5 10. Bxg7 Kxg7 11. Qb3 b4 12. a3 bxa3 13. Nxa3 Nc6 14. Nc4 Kg8
15. d4 Ra6 16. e4 Nb6 17. d5 Nxc4 18. Qxc4 Nb4 19. Nd4 e6 20. Rfd1 exd5 21.
exd5 Bd7 22. Nb3 b5 23. Qf4 Qb8 24. Qd2 Qb6 25. Nxa5 Rxa5 26. Qxb4 Rfa8 27.
Rxa5 Rxa5 28. Rc1 Ra2 29. Qf4 b4 30. Bf1 b3 31. Bc4 Rc2 32. Bd3 Rxc1+ 33. Qxc1
b2 34. Qb1 Qd4 35. Be4 Qc3 36. Kg2 f5 37. Bd3 Qd4 38. d6 Bc6+ 39. f3 Qd5 40.
Qf1 Qxd6 41. Bb1 Qd2+ 42. Qf2 Qxf2+ 43. Kxf2 Kf7 44. Ke3 Ke6 45. Kd2 Bxf3 46.
Kc3 Ke5 47. Kxb2 g5 48. Kc3 Be4 49. Ba2 f4 50. gxf4+ Kxf4 51. Kd2 Kf3 52. Bc4
Kg2 53. Ke3 Bc6 0-1

[Event "XVI Abierto de la Constitucion"]
[Site "San Sebastian de los Reyes"]
[Date "2014.12.05"]
[Round "6.15"]
[White "Martin Rodriguez, Jose Luis"]
[Black "Molina Garcia, Francisco J."]
[Result "0-1"]
[WhiteElo "1411"]
[BlackElo "1891"]
[PlyCount "76"]
[EventDate "2014.11.30"]

1. e4 c5 2. Nf3 d6 3. d4 cxd4 4. Nxd4 Nf6 5. Nc3 g6 6. Be3 Bg7 7. f3 O-O 8. Qd2
Nc6 9. Bc4 Bd7 10. O-O-O Rb8 11. h4 b5 12. Bb3 Na5 13. Bh6 Nc4 14. Bxc4 bxc4
15. Bxg7 Kxg7 16. Nb1 Qb6 17. Qc3 Qb4 18. h5 gxh5 19. Qxb4 Rxb4 20. Nc3 Rfb8
21. Kd2 Rxb2 22. Rb1 Rxb1 23. Rxb1 Rxb1 24. Nxb1 d5 25. e5 Ne8 26. Nc3 Nc7 27.
f4 Kg6 28. Ke3 h4 29. Nde2 Kh5 30. Kd4 Bf5 31. Nxd5 Nxd5 32. Kxd5 Bxc2 33. Kxc4
Be4 34. f5 Kg5 35. f6 exf6 36. exf6 Bxg2 37. Ng1 h3 38. Nxh3+ Bxh3 0-1

[Event "XVI Abierto de la Constitucion"]
[Site "San Sebastian de los Reyes"]
[Date "2014.12.05"]
[Round "6.16"]
[White "Guillo Longares, Cecilia"]
[Black "Doval Mancheño, Pablo"]
[Result "1-0"]
[WhiteElo "1731"]
[BlackElo "1458"]
[PlyCount "77"]
[EventDate "2014.11.30"]

1. d4 Nf6 2. c4 e6 3. Nc3 Bb4 4. a3 Bxc3+ 5. bxc3 b6 6. Bg5 h6 7. Bh4 Bb7 8. e3
O-O 9. Nf3 d6 10. Bd3 Nbd7 11. O-O c5 12. Rb1 Rc8 13. a4 Ba6 14. Qe2 Qc7 15.
Rfc1 Qc6 16. Qa2 e5 17. Bxf6 gxf6 18. Nh4 cxd4 19. cxd4 d5 20. Nf5 e4 21. Ne7+
Kh8 22. Nxc6 exd3 23. cxd5 Rc7 24. Nb4 Rfc8 25. Rxc7 Rxc7 26. Nxa6 Rc2 27. Qb3
Re2 28. Qxd3 Ra2 29. Qc4 Ra3 30. Qc8+ Kh7 31. Qxd7 Rd3 32. Qxf7+ Kh8 33. Qxf6+
Kg8 34. Qg6+ Kf8 35. Qxd3 Ke7 36. Qg6 b5 37. Rxb5 h5 38. Rb7+ Kf8 39. Qf7# 1-0

[Event "XVI Abierto de la Constitucion"]
[Site "San Sebastian de los Reyes"]
[Date "2014.12.05"]
[Round "6.18"]
[White "Ojosnegros Martin, Angel"]
[Black "Mehalingam, Karunanithi"]
[Result "1-0"]
[WhiteElo "1501"]
[BlackElo "1443"]
[PlyCount "63"]
[EventDate "2014.11.30"]

1. e4 c5 2. Nf3 Nc6 3. d4 cxd4 4. Nxd4 a6 5. Nc3 e6 6. Be3 Qc7 7. g3 Bb4 8.
Nde2 Nge7 9. Bg2 b5 10. O-O Bb7 11. a4 Rd8 12. axb5 axb5 13. Nxb5 Qe5 14. Nec3
O-O 15. Qg4 f5 16. exf5 Nxf5 17. Rfe1 Qf6 18. Rf1 Ne5 19. Qxb4 Nf3+ 20. Bxf3
Bxf3 21. Qf4 Bc6 22. Nd4 e5 23. Qxf5 exd4 24. Qxf6 Rxf6 25. Bxd4 Rf7 26. Rfe1
d6 27. Re3 Rdf8 28. f4 g5 29. Rae1 gxf4 30. gxf4 Rxf4 31. Rg3+ Kf7 32. Rg7# 1-0

[Event "XVI Abierto de la Constitucion"]
[Site "San Sebastian de los Reyes"]
[Date "2014.12.05"]
[Round "6.19"]
[White "De Dompablo Fantova, Juan"]
[Black "Rodriguez Bachiller, Luis"]
[Result "1/2-1/2"]
[WhiteElo "1737"]
[BlackElo "1724"]
[PlyCount "52"]
[EventDate "2014.11.30"]

1. e4 c6 2. d4 d5 3. exd5 cxd5 4. Bd3 Nc6 5. c3 e5 6. dxe5 Nxe5 7. Nf3 Nxd3+ 8.
Qxd3 Nf6 9. O-O Be7 10. Re1 O-O 11. Bg5 Re8 12. Nbd2 Be6 13. Nd4 Qd7 14. Nf1 h6
15. Bd2 Ne4 16. Be3 Bf6 17. f3 Nc5 18. Qc2 Bxd4 19. Bxd4 Bf5 20. Qd2 b6 21. Ng3
Bg6 22. Rad1 Rxe1+ 23. Rxe1 Re8 24. Rxe8+ Qxe8 25. Qe3 Qxe3+ 26. Bxe3 Kf8
1/2-1/2

[Event "XVI Abierto de la Constitucion"]
[Site "San Sebastian de los Reyes"]
[Date "2014.12.06"]
[Round "7.1"]
[White "Perez Mitjans, Orelvis"]
[Black "Valles Moreno, Ivan"]
[Result "1-0"]
[WhiteElo "2463"]
[BlackElo "2391"]
[PlyCount "107"]
[EventDate "2014.11.30"]

1. e4 d6 2. d4 Nf6 3. Nc3 g6 4. Be2 Bg7 5. Nf3 O-O 6. O-O Bg4 7. Be3 Nc6 8. d5
Nb8 9. Nd4 Bxe2 10. Qxe2 c5 11. Nb3 a5 12. a4 Na6 13. Rad1 Nb4 14. f3 Nd7 15.
Nb5 Nb6 16. c3 Na6 17. Ra1 Nc7 18. Nd2 Qd7 19. Nxc7 Qxc7 20. Qb5 f5 21. Rfd1 f4
22. Bf2 Nd7 23. Ra3 Ne5 24. Rb3 Rab8 25. Qb6 Qc8 26. Qxa5 b5 27. Ra1 g5 28.
axb5 g4 29. Qa6 Qd7 30. b6 gxf3 31. Nxf3 Nxf3+ 32. gxf3 Qh3 33. Qe2 Be5 34. Kh1
Kh8 35. b7 Qd7 36. Ra7 Rg8 37. Qf1 h6 38. Rb6 Kh7 39. b4 cxb4 40. cxb4 Qc7 41.
Rc6 Qd7 42. b5 Rxb7 43. Rxb7 Qxb7 44. b6 Qa8 45. Rc7 Qa3 46. Rxe7+ Kh8 47. Bg1
Qb3 48. b7 Qb2 49. Ba7 Bd4 50. b8=Q Rxb8 51. Bxb8 Qxb8 52. Qc1 Bf6 53. Rd7 Be5
54. Qc7 1-0

[Event "XVI Abierto de la Constitucion"]
[Site "San Sebastian de los Reyes"]
[Date "2014.12.06"]
[Round "7.2"]
[White "Roa Alonso, Santiago"]
[Black "Martin Duque, Jesus"]
[Result "1/2-1/2"]
[WhiteElo "2387"]
[BlackElo "2357"]
[PlyCount "105"]
[EventDate "2014.11.30"]

1. c4 e6 2. d4 d5 3. Nc3 c5 4. e3 Nf6 5. Nf3 Nc6 6. cxd5 exd5 7. Bb5 a6 8.
Bxc6+ bxc6 9. Qa4 Bd7 10. Ne5 Bd6 11. O-O O-O 12. b3 Qc7 13. Ba3 Bxe5 14. dxe5
Qxe5 15. Rac1 c4 16. Bc5 Rfd8 17. f3 cxb3 18. Qxb3 Be6 19. Bd4 Qd6 20. Na4 Rab8
21. Qc3 Qb4 22. Nc5 Qxc3 23. Rxc3 Bc8 24. Nd3 Bd7 25. Ne5 c5 26. Rxc5 Bb5 27.
Rfc1 Nd7 28. Rxb5 axb5 29. Nc6 Kf8 30. Nxd8 Rxd8 31. Rc7 Ke7 32. Rb7 Rb8 33.
Ra7 f6 34. a3 Kd6 35. Ra6+ Ke7 36. Bc3 Rb6 37. Ra8 Rb8 38. Bb4+ Ke6 39. Ra7 h5
40. h4 g5 41. Kh2 gxh4 42. Kh3 Ne5 43. Ra6+ Kf7 44. Rd6 Nc4 45. Rd7+ Ke6 46.
Re7+ Kf5 47. Kxh4 Rg8 48. Kh3 Ra8 49. Rh7 Kg6 50. Rd7 Nxe3 51. Bc5 Nc4 52. Rxd5
Nxa3 53. Bxa3 1/2-1/2

[Event "XVI Abierto de la Constitucion"]
[Site "San Sebastian de los Reyes"]
[Date "2014.12.06"]
[Round "7.3"]
[White "Hernando Pertierra, Jose C."]
[Black "Quevedo Marin, Manuel"]
[Result "1-0"]
[WhiteElo "2382"]
[BlackElo "2192"]
[PlyCount "83"]
[EventDate "2014.11.30"]

1. c4 c6 2. e3 d5 3. Nf3 Nf6 4. Nc3 Nbd7 5. cxd5 Nxd5 6. e4 Nxc3 7. dxc3 e5 8.
Bc4 Be7 9. Ng5 Bxg5 10. Qh5 Qf6 11. Bxg5 Qg6 12. Qxg6 hxg6 13. O-O-O f6 14. Be3
Ke7 15. a4 b6 16. a5 Nc5 17. f3 Be6 18. Bxe6 Kxe6 19. Bxc5 bxc5 20. Rd2 Rad8
21. Rxd8 Rxd8 22. Kc2 f5 23. Re1 Rb8 24. c4 Rb4 25. b3 Rb8 26. Kc3 Kd6 27. h4
Rh8 28. g3 Rf8 29. exf5 gxf5 30. h5 Rh8 31. g4 fxg4 32. fxg4 Rf8 33. Rh1 Rf3+
34. Kc2 Rf2+ 35. Kd3 Rf3+ 36. Ke2 e4 37. g5 Rxb3 38. h6 gxh6 39. gxh6 Ke5 40.
h7 Rb2+ 41. Ke3 Rb3+ 42. Kd2 1-0

[Event "XVI Abierto de la Constitucion"]
[Site "San Sebastian de los Reyes"]
[Date "2014.12.06"]
[Round "7.4"]
[White "Cabañas Bravo, Juan Andres"]
[Black "Cardenas Serrano, Sergio"]
[Result "0-1"]
[WhiteElo "2058"]
[BlackElo "2100"]
[PlyCount "172"]
[EventDate "2014.11.30"]

1. e4 c5 2. Nf3 e6 3. d4 cxd4 4. Nxd4 a6 5. Nc3 Qc7 6. Be3 Bb4 7. Nde2 Nf6 8.
f3 d5 9. a3 Ba5 10. b4 Bb6 11. Bxb6 Qxb6 12. exd5 exd5 13. Nxd5 Nxd5 14. Qxd5
O-O 15. Qd4 Qc7 16. O-O-O Bf5 17. Qc3 Nc6 18. Ng3 Bg6 19. Bd3 Rac8 20. Bxg6
hxg6 21. Rd2 Qf4 22. Kb1 Rfe8 23. Re2 Rxe2 24. Nxe2 Qg5 25. g3 a5 26. Nf4 axb4
27. axb4 Na7 28. Qb3 Nb5 29. c4 Rxc4 30. Rc1 Qf5+ 31. Kb2 Qe5+ 32. Kb1 Rxc1+
33. Kxc1 Qe1+ 34. Qd1 Qxb4 35. Qd8+ Qf8 36. Qd5 Qa3+ 37. Kc2 Qc3+ 38. Kb1 Qb4+
39. Kc1 Qa3+ 40. Kc2 Qa4+ 41. Kc1 Qa1+ 42. Kc2 Nd4+ 43. Kd2 Qa5+ 44. Qxa5 Nb3+
45. Kc3 Nxa5 46. Nd3 Nc6 47. Kc4 Kf8 48. Kc5 Ke7 49. Kb6 Nd8 50. Kc7 g5 51. f4
Ne6+ 52. Kxb7 gxf4 53. Kc6 fxg3 54. hxg3 Kf6 55. Kd5 Kf5 56. Nf2 Ng5 57. Kd4
Nf3+ 58. Ke3 Ne5 59. Ke2 Ng4 60. Nd3 g5 61. Ne1 Ne5 62. Kf2 Kg4 63. Nc2 Nd3+
64. Kg2 Kf5 65. Nd4+ Ke4 66. Nf3 f6 67. Nd2+ Ke3 68. Nc4+ Ke2 69. Nd6 Ne1+ 70.
Kh3 Kf3 71. Nf5 Nd3 72. Nd4+ Ke4 73. Ne2 Ke3 74. Nc3 f5 75. Nd5+ Kf3 76. Kh2
Nf2 77. Ne7 Kg4 78. Nd5 Kf3 79. Ne7 Ng4+ 80. Kg1 Ne3 81. Kh2 Nf1+ 82. Kg1 Nxg3
83. Ng6 g4 84. Nh4+ Ke4 85. Kg2 f4 86. Ng6 Nf5 0-1

[Event "XVI Abierto de la Constitucion"]
[Site "San Sebastian de los Reyes"]
[Date "2014.12.06"]
[Round "7.5"]
[White "Morona Minguez, Miguel"]
[Black "Lopez De Turiso, Jose Angel"]
[Result "0-1"]
[WhiteElo "1939"]
[BlackElo "2090"]
[PlyCount "34"]
[EventDate "2014.11.30"]

1. e4 c6 2. d4 d5 3. e5 c5 4. dxc5 Nc6 5. Bb5 e6 6. Qg4 h5 7. Qg3 Qa5+ 8. Nc3
d4 9. Nge2 dxc3 10. Nxc3 Bd7 11. Bxc6 Bxc6 12. Be3 Nh6 13. f3 Nf5 14. Qf2 Nxe3
15. Qxe3 Bxc5 16. Qf4 Qb6 17. Nd1 Qb4+ 0-1

[Event "XVI Abierto de la Constitucion"]
[Site "San Sebastian de los Reyes"]
[Date "2014.12.06"]
[Round "7.6"]
[White "Martin Rodriguez, Emilio"]
[Black "Ruiz Sanchez, Roberto"]
[Result "1-0"]
[WhiteElo "2086"]
[BlackElo "1940"]
[PlyCount "55"]
[EventDate "2014.11.30"]

1. d4 d5 2. c4 c6 3. Nf3 Nf6 4. Nc3 dxc4 5. e4 b5 6. e5 Nd5 7. a4 e6 8. g3 Bb7
9. Bg2 Nd7 10. O-O a6 11. Ne4 c5 12. Nfg5 cxd4 13. Nxf7 Kxf7 14. Ng5+ Kg8 15.
Bh3 Nc5 16. Qxd4 Qe8 17. axb5 axb5 18. Rxa8 Bxa8 19. Qg4 h6 20. Nf3 Kh7 21. Be3
Qg6 22. Qxg6+ Kxg6 23. Nd4 Nxe3 24. fxe3 Nd3 25. Nxe6 Be7 26. Bf5+ Kh5 27.
Nxg7+ Kg5 28. h4# 1-0

[Event "XVI Abierto de la Constitucion"]
[Site "San Sebastian de los Reyes"]
[Date "2014.12.06"]
[Round "7.7"]
[White "Perez Cameselle, Francisco"]
[Black "Largo Barbero, Benito"]
[Result "0-1"]
[WhiteElo "1852"]
[BlackElo "1929"]
[PlyCount "76"]
[EventDate "2014.11.30"]

1. Nf3 Nf6 2. g3 g6 3. Bg2 Bg7 4. O-O d6 5. d4 O-O 6. c4 c6 7. Nc3 Nbd7 8. e4
e5 9. h3 h6 10. Be3 Kh7 11. Qd2 Ng8 12. Rad1 Qe7 13. d5 c5 14. Nh2 f5 15. f4
Ngf6 16. exf5 gxf5 17. fxe5 Nxe5 18. b3 Bd7 19. Nf3 Ng6 20. Rde1 Qf7 21. Kh2
Rae8 22. Ng1 a6 23. Nge2 Ne5 24. Nf4 Rg8 25. Kh1 Bf8 26. Bf2 Be7 27. Nd3 Ng6
28. Be3 Qg7 29. Bf3 Bd8 30. Nf4 Ba5 31. Nxg6 Qxg6 32. Bf4 Ne4 33. Bxe4 fxe4 34.
Kh2 Qh5 35. Rh1 Qxh3+ 36. Kg1 Rxg3+ 37. Bxg3 Qxg3+ 38. Qg2 Qxe1+ 0-1

[Event "XVI Abierto de la Constitucion"]
[Site "San Sebastian de los Reyes"]
[Date "2014.12.06"]
[Round "7.8"]
[White "Camarero Izquierdo, Juan Carlos"]
[Black "Aziz Ortego, Omar Luis"]
[Result "1-0"]
[WhiteElo "1828"]
[BlackElo "2103"]
[PlyCount "105"]
[EventDate "2014.11.30"]

1. d4 Nf6 2. Bg5 Ne4 3. h4 c5 4. d5 g6 5. Qd3 f5 6. Nd2 Nxg5 7. hxg5 Bg7 8.
O-O-O a6 9. e4 d6 10. f4 b5 11. Ngf3 c4 12. Qe2 Qa5 13. Kb1 Bxb2 14. Nxc4 bxc4
15. Qxc4 Nd7 16. Kxb2 fxe4 17. Nh4 O-O 18. Ka1 Rb8 19. Nxg6 hxg6 20. Qd4 Rb4
21. Qh8+ Kf7 22. Qh7+ Ke8 23. Qxg6+ Kd8 24. Qg7 Ra4 25. Qb2 Rxf4 26. Rh8+ Kc7
27. Rb1 Qb6 28. Rxc8+ Kxc8 29. Qh8+ Qd8 30. Qb2 Qc7 31. g3 Rf2 32. Bh3 Rxc2 33.
Qh8+ Qd8 34. Rb8+ Kxb8 35. Qxd8+ Rc8 36. Qxd7 Rac4 37. Qxc8+ Rxc8 38. Bxc8 Kxc8
39. g6 Kc7 40. g7 Kb6 41. g8=Q Kc5 42. Qe6 Kd4 43. g4 a5 44. g5 e3 45. g6 a4
46. g7 a3 47. g8=Q e2 48. Qg1+ Kd3 49. Qge3+ Kc4 50. Qxe2+ Kc3 51. Qh3+ Kb4 52.
Qb3+ Kc5 53. Qec4# 1-0

[Event "XVI Abierto de la Constitucion"]
[Site "San Sebastian de los Reyes"]
[Date "2014.12.06"]
[Round "7.9"]
[White "Anton Quevedo, Andrea"]
[Black "Alfaya Marcelo, Roberto"]
[Result "0-1"]
[WhiteElo "1531"]
[BlackElo "1995"]
[PlyCount "124"]
[EventDate "2014.11.30"]

1. e4 c5 2. d4 cxd4 3. c3 Nf6 4. e5 Nd5 5. Nf3 e6 6. cxd4 b6 7. Bc4 Bb7 8. O-O
Be7 9. Qe2 O-O 10. Bd2 d6 11. Rd1 Nd7 12. Nc3 Nxc3 13. Bxc3 dxe5 14. d5 e4 15.
Qxe4 Nf6 16. Qe5 exd5 17. Bd3 Qd6 18. Qf5 Bc8 19. Qg5 h6 20. Qe3 Ng4 21. Qe2
Bf6 22. Bxf6 Nxf6 23. Nd4 Re8 24. Qc2 Qc5 25. Qb3 Bg4 26. Rd2 Ne4 27. Bxe4 Rxe4
28. Nf3 Bxf3 29. Qxf3 Rae8 30. h3 d4 31. Qd3 Re1+ 32. Rxe1 Rxe1+ 33. Kh2 Qe5+
34. Qg3 f6 35. f4 Qe3 36. Qxe3 dxe3 37. Rc2 Rd1 38. Re2 Rd2 39. Rxe3 Rxb2 40.
Ra3 a5 41. Kg3 f5 42. Kf3 Kf7 43. g4 g6 44. Ke3 Ke6 45. Kd4 Rb4+ 46. Ke3 Re4+
47. Kf3 Kd5 48. h4 fxg4+ 49. Kxg4 Re1 50. Rb3 Kc5 51. Kf3 b5 52. Kf2 Rh1 53.
Kg3 Rg1+ 54. Kf3 b4 55. Re3 a4 56. Re5+ Kc4 57. Re4+ Kc3 58. Re3+ Kb2 59. Re2+
Ka3 60. Ke3 b3 61. axb3 axb3 62. Kd2 b2 0-1

[Event "XVI Abierto de la Constitucion"]
[Site "San Sebastian de los Reyes"]
[Date "2014.12.06"]
[Round "7.10"]
[White "Bustos Serrano, Doroteo"]
[Black "Garcia Lopez, Fernando"]
[Result "1-0"]
[WhiteElo "2057"]
[BlackElo "1643"]
[PlyCount "83"]
[EventDate "2014.11.30"]

1. e4 e5 2. Nc3 Nf6 3. Nf3 Nc6 4. d4 d6 5. Bb5 a6 6. Bxc6+ bxc6 7. dxe5 dxe5 8.
Qxd8+ Kxd8 9. Nxe5 Ke8 10. O-O Bb7 11. f3 Bc5+ 12. Kh1 Bd4 13. Nd3 c5 14. Ne2
Nd7 15. c3 Bf6 16. Bf4 Kd8 17. Rad1 Kc8 18. Rd2 g5 19. Bg3 h5 20. Rfd1 h4 21.
Bf2 c4 22. Nc5 Nxc5 23. Bxc5 Bc6 24. Bd4 Bxd4 25. Rxd4 Rb8 26. R1d2 Bb5 27. Kg1
f6 28. Kf2 Kb7 29. Rd5 Bc6 30. Rf5 Rhf8 31. Nd4 Rbd8 32. Ke3 Ba4 33. Ne6 Rxd2
34. Kxd2 Bd7 35. Nxf8 Bxf5 36. exf5 Kc6 37. Nh7 Kd6 38. Nxf6 Ke5 39. Ne4 Kxf5
40. Ke3 g4 41. f4 a5 42. Nd2 1-0

[Event "XVI Abierto de la Constitucion"]
[Site "San Sebastian de los Reyes"]
[Date "2014.12.06"]
[Round "7.11"]
[White "Vazquez Cabeza, Isaac"]
[Black "Molina Garcia, Francisco J."]
[Result "1/2-1/2"]
[WhiteElo "1611"]
[BlackElo "1891"]
[PlyCount "112"]
[EventDate "2014.11.30"]

1. c4 Nf6 2. Nc3 e6 3. e3 d5 4. d4 Bb4 5. Bd2 O-O 6. Nf3 b6 7. Be2 Bb7 8. O-O
Nbd7 9. Nxd5 Nxd5 10. cxd5 Bxd2 11. dxe6 Bb4 12. exd7 Qxd7 13. Ne5 Qe7 14. Bf3
Bxf3 15. Qxf3 Bd6 16. Nc4 c5 17. Nxd6 Qxd6 18. Rfd1 cxd4 19. Rxd4 Qc5 20. Rad1
Qc2 21. R4d2 Qa4 22. b3 Qa3 23. Rd3 Rac8 24. Qe2 g6 25. Qd2 Qc5 26. h3 Qa3 27.
Rd4 Qe7 28. Ra4 Rc7 29. Qd6 Qxd6 30. Rxd6 Rfc8 31. Rad4 Rc1+ 32. Kh2 R1c2 33.
Rd2 Kg7 34. Kg3 R2c5 35. Rd7 a5 36. R7d6 b5 37. R6d5 Rxd5 38. Rxd5 Rc2 39. a4
b4 40. Rxa5 Rc3 41. Rb5 Rxb3 42. a5 Rb1 43. a6 Ra1 44. a7 Rxa7 45. Rxb4 h5 46.
Kf3 Ra3 47. g4 hxg4+ 48. hxg4 g5 49. Ke4 Kg6 50. f4 gxf4 51. Kxf4 Ra5 52. e4 f6
53. Rd4 Ra1 54. Rd5 Rf1+ 55. Ke3 Re1+ 56. Kf4 Rf1+ 1/2-1/2

[Event "XVI Abierto de la Constitucion"]
[Site "San Sebastian de los Reyes"]
[Date "2014.12.06"]
[Round "7.12"]
[White "Alvarez Gonzalez, Eduardo"]
[Black "Lopez Ziegler, Juan Jose"]
[Result "0-1"]
[WhiteElo "1831"]
[BlackElo "1510"]
[PlyCount "115"]
[EventDate "2014.11.30"]

1. d4 Nf6 2. Nf3 e6 3. c4 Bb4+ 4. Bd2 Qe7 5. Qc2 Nc6 6. e3 O-O 7. a3 Bxd2+ 8.
Nbxd2 d6 9. Bd3 e5 10. d5 Nb8 11. e4 a5 12. b3 Na6 13. O-O Bd7 14. Qc3 b6 15.
b4 a4 16. Rac1 Rfc8 17. Qc2 h6 18. Qd1 Nb8 19. Re1 Bg4 20. Re3 c6 21. Be2 c5
22. b5 Rc7 23. Ne1 Bxe2 24. Qxe2 Nbd7 25. Rg3 Nf8 26. Nd3 Ng6 27. Rf1 Nf4 28.
Nxf4 exf4 29. Rf3 Qe5 30. g3 g5 31. gxf4 gxf4 32. Rh3 Kh7 33. Qf3 Rg8+ 34. Kh1
h5 35. Qd3 Re7 36. f3 Kh6 37. Nb1 Ree8 38. Qd2 Rg6 39. Rg3 Reg8 40. Rfg1 Nxe4
41. Rxg6+ Rxg6 42. Rxg6+ fxg6 43. Qc2 Ng5 44. Qd1 Qe3 45. Kg2 h4 46. h3 Nf7 47.
Qd2 Kg5 48. Qxe3 fxe3 49. Nc3 Ne5 50. Ne4+ Kf4 51. Nc3 Nxc4 52. Nxa4 Nxa3 53.
Nc3 Nc2 54. Ne2+ Ke5 55. f4+ Kxd5 56. Kf3 Nd4+ 57. Kxe3 Nxe2 58. Kxe2 0-1

[Event "XVI Abierto de la Constitucion"]
[Site "San Sebastian de los Reyes"]
[Date "2014.12.06"]
[Round "7.13"]
[White "Guzman Castro, Enrique"]
[Black "Guillo Longares, Cecilia"]
[Result "0-1"]
[WhiteElo "1610"]
[BlackElo "1731"]
[PlyCount "78"]
[EventDate "2014.11.30"]

1. d4 Nf6 2. Bg5 g6 3. Bxf6 exf6 4. e3 Bg7 5. Nf3 O-O 6. Nbd2 d6 7. c3 Bg4 8.
Bd3 f5 9. h3 Bxf3 10. Nxf3 Nd7 11. Qc2 Qf6 12. h4 h5 13. Ng5 c5 14. g3 a6 15.
a4 Rfe8 16. Qb3 cxd4 17. cxd4 Re7 18. O-O Rf8 19. Rfc1 Bh6 20. Nh3 Kg7 21. Rc7
Nc5 22. Qb6 Nxd3 23. Rxe7 Qxe7 24. Rd1 Qe4 25. Qb3 Nxb2 26. Qxb2 Qg4 27. d5+
Kg8 28. Rd4 Qxh3 29. Qxb7 Bxe3 30. fxe3 Qxg3+ 31. Kf1 Qf3+ 32. Kg1 Qxe3+ 33.
Kf1 Qxd4 34. Qxa6 Qxd5 35. a5 Ra8 36. Qb6 Rxa5 37. Qd8+ Kg7 38. Qc7 Ra2 39.
Qc3+ Kh7 0-1

[Event "XVI Abierto de la Constitucion"]
[Site "San Sebastian de los Reyes"]
[Date "2014.12.06"]
[Round "7.14"]
[White "Campomanes Rodriguez, Javier"]
[Black "Ojosnegros Martin, Angel"]
[Result "1-0"]
[WhiteElo "1726"]
[BlackElo "1501"]
[PlyCount "113"]
[EventDate "2014.11.30"]

1. c4 c5 2. Nc3 Nc6 3. g3 g6 4. Bg2 Bg7 5. e3 e6 6. Nf3 b6 7. d4 d5 8. dxc5
Bxc3+ 9. bxc3 Nge7 10. cxb6 axb6 11. cxd5 Qxd5 12. O-O Qxd1 13. Rxd1 Rb8 14.
Ng5 Ba6 15. Ne4 Nd5 16. Nd6+ Kf8 17. Ba3 Kg7 18. c4 Nde7 19. Bb2+ f6 20. Rd2
Na5 21. Bf1 Nb7 22. Rad1 Nc5 23. f3 Rhf8 24. Nb5 Nf5 25. Kf2 Bxb5 26. cxb5 h5
27. Ba3 Rfc8 28. e4 Nh6 29. Bxc5 Rxc5 30. Rd7+ Nf7 31. Ra7 Rc2+ 32. Kg1 Kf8 33.
f4 Nh6 34. h3 Rc3 35. Kh2 e5 36. fxe5 fxe5 37. Rdd7 Re3 38. Rh7 Ng8 39. Rhf7+
Ke8 40. Bg2 Ra3 41. Rxa3 Kxf7 42. Ra7+ Kf6 43. a4 Ne7 44. a5 bxa5 45. Rxa5 Nc8
46. Bf1 Nd6 47. Ra6 Ke7 48. Ra5 g5 49. Bd3 Ke6 50. Ra4 h4 51. Rb4 hxg3+ 52.
Kxg3 Kf6 53. b6 Ra8 54. b7 Nxb7 55. Rxb7 Ra3 56. Rd7 Ke6 57. Rd5 1-0

[Event "XVI Abierto de la Constitucion"]
[Site "San Sebastian de los Reyes"]
[Date "2014.12.06"]
[Round "7.15"]
[White "Martinez Miura, Enrique"]
[Black "Hidalgo Prado, David"]
[Result "1/2-1/2"]
[WhiteElo "1721"]
[BlackElo "1449"]
[PlyCount "43"]
[EventDate "2014.11.30"]

1. e4 e6 2. d4 d5 3. Nc3 Nf6 4. exd5 Nxd5 5. Nxd5 exd5 6. Nf3 Be7 7. Be2 O-O 8.
O-O Re8 9. h3 Bf5 10. Bd3 Bxd3 11. Qxd3 h6 12. Re1 Nd7 13. Be3 Bd6 14. Rad1 c6
15. c4 Nf6 16. c5 Bc7 17. Nd2 Qd7 18. a3 Ne4 19. Nxe4 Rxe4 20. f3 Re6 21. Bf2
Rae8 22. Rxe6 1/2-1/2

[Event "XVI Abierto de la Constitucion"]
[Site "San Sebastian de los Reyes"]
[Date "2014.12.06"]
[Round "7.16"]
[White "Minguela Muñoz, Bienvenido"]
[Black "Infante Martin, Alonso"]
[Result "1/2-1/2"]
[WhiteElo "1717"]
[BlackElo "1463"]
[PlyCount "65"]
[EventDate "2014.11.30"]

1. d4 d5 2. Nf3 Nf6 3. c4 c6 4. e3 e6 5. a3 Nbd7 6. Nc3 Bd6 7. Be2 Ne4 8. Nxe4
dxe4 9. Nd2 f5 10. b4 b6 11. Bb2 Nf6 12. Bh5+ g6 13. Be2 O-O 14. h4 Qe8 15. h5
g5 16. c5 Bc7 17. Rc1 b5 18. g4 h6 19. Nb3 a5 20. gxf5 exf5 21. d5 Nxd5 22.
Bxb5 Bb7 23. Qd4 Nf6 24. Bc4+ Kg7 25. Qc3 Kh7 26. Ke2 Rd8 27. Nd4 Be5 28. Qb3
Nd5 29. Bxd5 Rxd5 30. b5 f4 31. Qc2 Bxd4 32. Bxd4 Qe6 33. f3 1/2-1/2